[Event "ROM-ch U12 Girls"]
[Site "Calimanesti"]
[Date "2014.04.10"]
[Round "6"]
[White "Libik, Krisztina Szilvia"]
[Black "Vezentan, Andreea Nicoleta"]
[Result "0-1"]
[WhiteElo "1001"]
[BlackElo "1202"]
[PlyCount "74"]
[EventDate "2014.04.06"]
[EventType "swiss"]
[EventRounds "9"]
[EventCountry "ROU"]
[SourceTitle "CBM 160 Extra"]
[Source "ChessBase"]
[SourceDate "2014.07.01"]
[SourceVersion "1"]
[SourceVersionDate "2014.07.01"]
[SourceQuality "1"]

1. e4 e5 2. Nf3 Nc6 3. Bb5 a6 4. Ba4 Nf6 5. Nc3 Bd6 6. 0-0 0-0 7. d3 b5 8. Bb3 Bb7 9. Bg5 Be7 10. Qe2 Nh5 11. Bxe7 Qxe7 12. Nd5 Qd6 13. Nh4 Nf4 14. Nxf4 exf4 15. Bd5 Nd4 16. Qd2 Bxd5 17. exd5 Qxd5 18. c3 Ne6 19. Rfd1 Rfe8 20. Qc2 d6 21. c4 bxc4 22. Qxc4 Qxc4 23. dxc4 Rab8 24. b3 Rbd8 25. Nf5 g6 26. Nh6+ Kg7 27. Ng4 f5 28. g3 fxg4 29. gxf4 Nxf4 30. Rd3 Rf8 31. Re1 Rde8 32. Rxe8 Rxe8 33. a3 Re2 34. c5 dxc5 35. Rd7+ Kh6 36. Rxc7 Rb2 37. b4 Rb1# 0-1

[Event "ROM-ch U12 Girls"]
[Site "Calimanesti"]
[Date "2014.04.08"]
[Round "3"]
[White "Vezentan, Andreea Nicoleta"]
[Black "Lupascu, Diana Elena"]
[Result "0-1"]
[WhiteElo "1202"]
[BlackElo "1369"]
[PlyCount "110"]
[EventDate "2014.04.06"]
[EventType "swiss"]
[EventRounds "9"]
[EventCountry "ROU"]
[SourceTitle "CBM 160 Extra"]
[Source "ChessBase"]
[SourceDate "2014.07.01"]
[SourceVersion "1"]
[SourceVersionDate "2014.07.01"]
[SourceQuality "1"]

1. e4 c5 2. a3 e6 3. b4 b6 4. Bb2 Bb7 5. d3 cxb4 6. axb4 Bxb4+ 7. Nc3 Nf6 8. Nf3 0-0 9. Be2 d5 10. 0-0 dxe4 11. Nxe4 Nxe4 12. dxe4 Bxe4 13. Qb1 Nc6 14. Ra4 Rc8 15. Ba1 Qe7 16. Qb2 f6 17. c3 Bxf3 18. Bxf3 Ba5 19. Rh4 Ne5 20. Qc2 Nxf3+ 21. gxf3 f5 22. Rh3 Rf6 23. c4 Rh6 24. Rg3 Rg6 25. Rxg6 hxg6 26. Kh1 b5 27. Rg1 Rxc4 28. Qb3 Qc5 29. Rxg6 Rc1+ 30. Rg1 Rxg1+ 31. Kxg1 Qc1+ 32. Kg2 Qxa1 33. Qxe6+ Kf8 34. Qxf5+ Qf6 35. Qc8+ Bd8 36. Qc5+ Be7 37. Qc8+ Kf7 38. Kf1 Qxf3 39. Qc2 Qh3+ 40. Ke2 Qe6+ 41. Kf1 Qc4+ 42. Qxc4+ bxc4 43. Ke2 Bg5 44. Kd1 c3 45. Kc2 Bd2 46. f3 a5 47. f4 a4 48. f5 a3 49. f6 a2 50. fxg7 Kxg7 51. h4 a1Q 52. h5 Qc1+ 53. Kb3 c2 54. Kc4 Qe1 55. h6+ Kxh6 0-1

[Event "ROM-ch U10 Girls"]
[Site "Calimanesti"]
[Date "2013.04.05"]
[Round "5"]
[White "Vezentan, Andreea Nicoleta"]
[Black "Panescu, Daria Petruta"]
[Result "1/2-1/2"]
[WhiteElo "1187"]
[BlackElo "1118"]
[PlyCount "44"]
[EventDate "2013.04.02"]
[EventType "swiss"]
[EventRounds "9"]
[EventCountry "ROU"]
[SourceTitle "CBM 153 Extra"]
[Source "ChessBase"]
[SourceDate "2013.04.22"]
[SourceVersion "1"]
[SourceVersionDate "2013.04.22"]
[SourceQuality "1"]

1. e4 c5 2. a3 d6 3. Nf3 Nf6 4. Nc3 g6 5. Bc4 Bg7 6. d4 cxd4 7. Nxd4 0-0 8. Bg5 Nc6 9. Bb3 Bd7 10. Nxc6 Bxc6 11. Bd5 Rc8 12. Bxc6 Rxc6 13. Qe2 Qc7 14. 0-0 Rd8 15. f4 e5 16. Rad1 exf4 17. Rxf4 Qe7 18. Nd5 Qe5 19. Nxf6+ Bxf6 20. Rxf6 Qxg5 21. Rdf1 Rd7 22. Qf3 Rcc7 1/2-1/2

[Event "ROM-ch U10 Girls"]
[Site "Calimanesti"]
[Date "2013.04.03"]
[Round "3"]
[White "Vezentan, Andreea Nicoleta"]
[Black "Bardas, Ana Maria"]
[Result "0-1"]
[WhiteElo "1187"]
[BlackElo "1029"]
[PlyCount "124"]
[EventDate "2013.04.02"]
[EventType "swiss"]
[EventRounds "9"]
[EventCountry "ROU"]
[SourceTitle "CBM 153 Extra"]
[Source "ChessBase"]
[SourceDate "2013.04.22"]
[SourceVersion "1"]
[SourceVersionDate "2013.04.22"]
[SourceQuality "1"]

1. e4 d5 2. exd5 Nf6 3. Nf3 Qxd5 4. Nc3 Qd8 5. d4 Bg4 6. Bc4 e6 7. d5 Bb4 8. a3 Bxc3+ 9. bxc3 exd5 10. Qe2+ Be6 11. Bb5+ Nbd7 12. Bxd7+ Qxd7 13. 0-0 0-0 14. Bg5 Qe7 15. Rab1 c6 16. Bxf6 Qxf6 17. Rxb7 Qxc3 18. Rb3 Qc4 19. Rd3 Bf5 20. Ne5 Bxd3 21. Qxd3 Qxd3 22. cxd3 Rac8 23. Rc1 Rfe8 24. f4 Re6 25. d4 f6 26. f5 Rd6 27. Ng4 g6 28. fxg6 hxg6 29. Nh6+ Kg7 30. Ng4 f5 31. Nf2 Kf6 32. g4 Rb8 33. gxf5 gxf5 34. h4 Rb5 35. Kg2 Rb3 36. Rh1 f4 37. h5 Rg3+ 38. Kf1 Kg5 39. Nh3+ Kxh5 40. Nxf4+ Kg5 41. Nh3+ Kh5 42. Nf4+ Kg4 43. Ne2 Rf6+ 44. Ke1 Rxa3 45. Rh7 Ra1+ 46. Kd2 Rf3 47. Rg7+ Kh5 48. Rh7+ Kg6 49. Rc7 Ra2+ 50. Ke1 Ra1+ 51. Kd2 Ra6 52. Re7 Kf6 53. Re8 Raa3 54. Rf8+ Kg5 55. Rxf3 Rxf3 56. Ng3 Rxg3 57. Ke1 a5 58. Kd2 a4 59. Kc2 a3 60. Kb1 Rb3+ 61. Ka2 Rd3 62. Kb1 Rxd4 0-1